| 000 | 01344nam a2200325 a 4500 | ||
|---|---|---|---|
| 001 | 000004524 | ||
| 003 | DO-SdBNP | ||
| 005 | 20240925085245.0 | ||
| 007 | ta | ||
| 008 | 090723e2007 dr abc gr 001 edspa d | ||
| 020 | _a9789945020151 | ||
| 040 |
_aDO-SdBNP _bspa _cBNPHU |
||
| 082 | 4 |
_a282.97293 _bM534i _222 |
|
| 100 | 1 |
_aMena, Miguel D., _d1962- _913215 |
|
| 245 | 1 | 0 |
_aIglesia, espacio y poder : _bSanto Domingo (1498-1521) experiencia fundacional del nuevo mundo / _cMiguel D. Mena ; editor, Dantes Ortiz. |
| 260 |
_aSanto Domingo : _bArchivo General de la Nación, _c2007. |
||
| 300 |
_a421 p. : _bilustraciones, retratos y mapas ; _c23 cm. |
||
| 490 | 1 |
_aArchivo General de la Nación ; _v30 |
|
| 500 | _aIncluye notas al pie de las páginas. | ||
| 504 | _aBibliografía : p. 383-407. | ||
| 590 | _aInventariado, 2018/VM | ||
| 650 | 4 |
_aIglesia católica _zRepública Dominicana _xHistoria _9358 |
|
| 651 | 0 |
_aRepública Dominicana -- _xHistoria -- _yDescubrimiento y conquista, 1492-1503 _9255 |
|
| 651 | 4 |
_aRepública Dominicana _xHistoria eclesiástica _91736 |
|
| 651 | 0 |
_aRepública Dominicana -- _xHistoria -- _yColonia, 1503-1844 _911397 |
|
| 700 | 1 |
_aOrtiz, Dantes, _eeditor _9123 |
|
| 830 | 0 |
_aPublicaciones del Archivo General de la Nación ; _983035 _n30 |
|
| 910 | _aValidado. Control de calidad MMOLINA | ||
| 942 |
_2ddc _cLBS1 |
||
| 999 |
_c4333 _d4333 |
||